00622nam a2200193 i 450000500170000000800410001701000140005802000270007203500130009903700150011204000180012708200110014510000220015624500790017826000410025727000550029830000250035350000500037820090826144755.0791023s1978 ii a b 001 0 eng  aENG-94910 c1295.00a9788190769518 aEN-78443 bDBAD / PUB adplbEnglish  a631.52 aRajshekhar, M.V.  aChallenging problems in horticultural biotechnology /cby M.V. Rajshekhar  aNew Delhi bAlfa Publications c2009 a4398/5, Ansari Road, DaryaganjbNew Delhi e110002 av, 312p. c23cm(Hb)  aIncludes bibliographical references and index